<?xml version="1.0" encoding="UTF-8"?>
<record
    xmlns:xsi="http://www.w3.org/2001/XMLSchema-instance"
    xsi:schemaLocation="http://www.loc.gov/MARC21/slim http://www.loc.gov/standards/marcxml/schema/MARC21slim.xsd"
    xmlns="http://www.loc.gov/MARC21/slim">

  <leader>01596nam a22002897a 4500</leader>
  <controlfield tag="005">20240227163046.0</controlfield>
  <controlfield tag="008">240123b        |||||||| |||| 00| 0 eng d</controlfield>
  <datafield tag="020" ind1=" " ind2=" ">
    <subfield code="a">9789584247186</subfield>
  </datafield>
  <datafield tag="037" ind1=" " ind2=" ">
    <subfield code="3">Donaci&#xF3;n </subfield>
  </datafield>
  <datafield tag="040" ind1=" " ind2=" ">
    <subfield code="a">CO-JMCR</subfield>
    <subfield code="c">CO-JMCR</subfield>
    <subfield code="d">CO-JMCR</subfield>
    <subfield code="e">rda</subfield>
  </datafield>
  <datafield tag="041" ind1=" " ind2=" ">
    <subfield code="a">spa</subfield>
  </datafield>
  <datafield tag="082" ind1=" " ind2=" ">
    <subfield code="a">J-N</subfield>
    <subfield code="b">CLAc2</subfield>
  </datafield>
  <datafield tag="100" ind1=" " ind2=" ">
    <subfield code="a">Clare, Cassandra</subfield>
    <subfield code="e">Autor</subfield>
    <subfield code="9">42629</subfield>
  </datafield>
  <datafield tag="245" ind1=" " ind2=" ">
    <subfield code="a">Ciudad de Cristal /</subfield>
    <subfield code="c">Cassandra Clare; traduccion de Gemma Gallart </subfield>
  </datafield>
  <datafield tag="246" ind1=" " ind2=" ">
    <subfield code="a">The mortal instruments:</subfield>
    <subfield code="b">city of glass</subfield>
  </datafield>
  <datafield tag="260" ind1=" " ind2=" ">
    <subfield code="a">Bogo&#xE1;:</subfield>
    <subfield code="b">destino, </subfield>
    <subfield code="c">2010</subfield>
  </datafield>
  <datafield tag="300" ind1=" " ind2=" ">
    <subfield code="a">534 p&#xE1;ginas;</subfield>
    <subfield code="c">21 cm. </subfield>
  </datafield>
  <datafield tag="490" ind1=" " ind2=" ">
    <subfield code="a">Cazadores de sombras</subfield>
  </datafield>
  <datafield tag="500" ind1=" " ind2=" ">
    <subfield code="a">Incluye &#xED;ndice </subfield>
  </datafield>
  <datafield tag="520" ind1=" " ind2=" ">
    <subfield code="a">Para salvar la vida de su madre, Clary debe viajar hasta la Ciudad de Cristal, el hogar ancestral de los cazadores de sombras. Por si fuera poco, Jace no quiere que vaya y Simon ha sido encarcelado por los propios Cazadores de Sombras, que no se f&#xED;an de un vampiro resistente al sol. Mientras, Clary traba amistad con Sebasti&#xE1;n, un misterioso cazador de sombras que se al&#xED;a con ella. Valentine est&#xE1; dispuesto a acabar con todos los cazadores de sombras: la &#xFA;nica opci&#xF3;n que les queda a &#xE9;stos es aliarse con sus mortales enemigos pero &#xBF;podr&#xE1;n hombreslobo, vampiros y otras criaturas del submundo dejar a un lado sus diferencias con los cazadores de sombras? A partir de 14 a&#xF1;os.</subfield>
  </datafield>
  <datafield tag="521" ind1=" " ind2=" ">
    <subfield code="a">Mayores de 14 a&#xF1;os </subfield>
  </datafield>
  <datafield tag="650" ind1=" " ind2=" ">
    <subfield code="2">JMCR</subfield>
    <subfield code="a">Juvenil </subfield>
    <subfield code="x">Literatura </subfield>
    <subfield code="9">43491</subfield>
  </datafield>
  <datafield tag="650" ind1=" " ind2=" ">
    <subfield code="2">JMCR</subfield>
    <subfield code="a">Cazadores</subfield>
    <subfield code="x">Literatura </subfield>
    <subfield code="9">43488</subfield>
  </datafield>
  <datafield tag="650" ind1=" " ind2=" ">
    <subfield code="2">JMCR</subfield>
    <subfield code="a">Fantas&#xED;a y magia </subfield>
    <subfield code="x">Novela</subfield>
    <subfield code="9">43489</subfield>
  </datafield>
  <datafield tag="700" ind1=" " ind2=" ">
    <subfield code="a">Gallart, Gemma</subfield>
    <subfield code="e">traductor</subfield>
    <subfield code="9">42449</subfield>
  </datafield>
  <datafield tag="942" ind1=" " ind2=" ">
    <subfield code="2">ddc</subfield>
    <subfield code="c">BK</subfield>
  </datafield>
  <datafield tag="999" ind1=" " ind2=" ">
    <subfield code="c">30496</subfield>
    <subfield code="d">16879</subfield>
  </datafield>
  <datafield tag="952" ind1=" " ind2=" ">
    <subfield code="0">0</subfield>
  </datafield>
</record>
